Asphalt-concrete water barriers for embankment dams / (Record no. 549987)
[ view plain ]
| 000 -LEADER | |
|---|---|
| fixed length control field | 00608cam a2200181 a 4500 |
| 020 ## - INTERNATIONAL STANDARD BOOK NUMBER | |
| International Standard Book Number | 0784401411 |
| 082 00 - DEWEY DECIMAL CLASSIFICATION NUMBER | |
| Classification number | 627.83 |
| Author Mark | CRE |
| 100 1# - MAIN ENTRY--PERSONAL NAME | |
| Personal name | Creegan, Patrick J. |
| 9 (RLIN) | 46730 |
| 245 10 - TITLE STATEMENT | |
| Title | Asphalt-concrete water barriers for embankment dams / |
| Statement of responsibility, etc. | Patrick J. Creegan & Carl L. Monismith. |
| 260 ## - PUBLICATION, DISTRIBUTION, ETC. | |
| Place of publication, distribution, etc. | New York : |
| Name of publisher, distributor, etc. | ASCE Press, |
| Date of publication, distribution, etc. | c1996. |
| 300 ## - PHYSICAL DESCRIPTION | |
| Extent | xiii, 169 p. : |
| Other physical details | ill., maps ; |
| Dimensions | 23 cm. |
| 526 ## - STUDY PROGRAM INFORMATION NOTE | |
| Program name | 0 |
| Interest level | 0 |
| Reading level | 0 |
| Title point value | 627_830000000000000_CRE |
| 650 #0 - SUBJECT ADDED ENTRY--TOPICAL TERM | |
| Topical term or geographic name entry element | Asphalt concrete. |
| 9 (RLIN) | 13617 |
| 650 #0 - SUBJECT ADDED ENTRY--TOPICAL TERM | |
| Topical term or geographic name entry element | Earth dams |
| General subdivision | Design and construction. |
| 9 (RLIN) | 46731 |
| 650 #0 - SUBJECT ADDED ENTRY--TOPICAL TERM | |
| Topical term or geographic name entry element | MCE |
| 9 (RLIN) | 379 |
| 700 1# - ADDED ENTRY--PERSONAL NAME | |
| Personal name | Monismith, Carl L. |
| 9 (RLIN) | 21620 |
| 942 ## - ADDED ENTRY ELEMENTS (KOHA) | |
| Source of classification or shelving scheme | |
| Koha item type | Book |
| Withdrawn status | Lost status | Source of classification or shelving scheme | Damaged status | Not for loan | Permanent Location | Current Location | Date acquired | Total Checkouts | Full call number | Barcode | Date last seen | Price effective from | Koha item type |
|---|---|---|---|---|---|---|---|---|---|---|---|---|---|
| Military College of Engineering (MCE) | Military College of Engineering (MCE) | 10/17/2014 | 627.83 CRE | MCE-43477 | 10/17/2014 | 10/17/2014 | Book |
